|
|
|
|
| LEADER |
00000nab a2200000 a 4500 |
| 001 |
vtls000279792 |
| 003 |
SK-MaSNL |
| 005 |
20260303210614.0 |
| 008 |
160202c1987 xo 0 slo |
| 015 |
|
|
|a SNBRB19rr/mm-uuuuu
|
| 035 |
|
|
|a CL0289910
|
| 040 |
|
|
|a SNKBUCL
|b slo
|c SNKBUCL
|e AACR2
|
| 041 |
0 |
|
|a slo
|
| 044 |
|
|
|a xo
|c SK
|
| 080 |
|
|
|a 82:7.097
|2 1981
|
| 080 |
|
|
|a 7.097
|2 1981
|
| 080 |
|
|
|a 885.0
|2 1981
|
| 100 |
1 |
|
|a -mv-
|4 aut
|9 841513
|
| 245 |
1 |
0 |
|a Aj tebe sa to môže stať
|c -mv-
|
| 610 |
2 |
7 |
|a Československá televize.
|b Studio Ostrava
|2 snkbucl
|9 232877
|
| 650 |
0 |
7 |
|a Černý, J.
|2 snkbucl
|9 1242544
|
| 650 |
0 |
7 |
|a hry televízne
|2 snkbucl
|9 921812
|
| 655 |
|
7 |
|a články z novín a časopisov
|2 snkbucl
|9 267496
|
| 655 |
|
7 |
|a články z odboru literárna veda a krásna literatúra
|2 snkbucl
|9 770045
|
| 773 |
0 |
|
|t Televízia
|g Roč. 22, č. 22 (1987), s. 20
|
| 850 |
|
|
|a Slovenská národná knižnica v Martine
|a MTA001
|
| 852 |
|
|
|a SNK
|b KIS3GCP
|
| 958 |
|
|
|a RK
|
| 958 |
|
|
|a CZ
|
| 958 |
|
|
|a LX
|
| 992 |
|
|
|a RBX
|
| 999 |
|
|
|c 2200913
|d 2202843
|